| 000 | 00579nam a2200181Ia 4500 | ||
|---|---|---|---|
| 001 | 7891 | ||
| 005 | 20260306160529.0 | ||
| 008 | 260306t2018||||xx |||||||||||||| ||spa|| | ||
| 041 | _aESP | ||
| 082 |
_a363.69 _bR75 |
||
| 100 |
_aRodríguez López, Ainhoa _eAUT |
||
| 245 | 0 |
_aMetodologías de investigación e intervención en bienes culturales muebles e inmuebles: _bpintura, escultura, soportes celulósicos, construcciones prehistóricas y arquitectura |
|
| 260 | _c2018 | ||
| 300 |
_a206 páginas : _c24 cm. |
||
| 650 | _aGEN | ||
| 654 | _aCHU | ||
| 942 |
_cLIB _dJUS _fJUS _2ddc _n |
||
| 999 |
_c7891 _d7891 |
||